<?xml version="1.0" encoding="UTF-8"?>
<record
    xmlns:xsi="http://www.w3.org/2001/XMLSchema-instance"
    xsi:schemaLocation="http://www.loc.gov/MARC21/slim http://www.loc.gov/standards/marcxml/schema/MARC21slim.xsd"
    xmlns="http://www.loc.gov/MARC21/slim">

  <leader>00617nam a22002057a 4500</leader>
  <controlfield tag="005">20231108122847.0</controlfield>
  <datafield tag="010" ind1=" " ind2=" ">
    <subfield code="a">ENG-138298</subfield>
  </datafield>
  <datafield tag="020" ind1=" " ind2=" ">
    <subfield code="a">97893566223172</subfield>
    <subfield code="c">875.00</subfield>
  </datafield>
  <datafield tag="035" ind1=" " ind2=" ">
    <subfield code="a">EN-121830</subfield>
  </datafield>
  <datafield tag="037" ind1=" " ind2=" ">
    <subfield code="b">DBAD/PUB</subfield>
  </datafield>
  <datafield tag="082" ind1=" " ind2=" ">
    <subfield code="a">657.48</subfield>
  </datafield>
  <datafield tag="100" ind1=" " ind2=" ">
    <subfield code="a">Sharma, D G </subfield>
    <subfield code="9">58337</subfield>
  </datafield>
  <datafield tag="245" ind1=" " ind2=" ">
    <subfield code="a">Principles &amp; practice of accounting/</subfield>
    <subfield code="c">By D G Sharma and S K Agrawal</subfield>
  </datafield>
  <datafield tag="250" ind1=" " ind2=" ">
    <subfield code="a">3rd</subfield>
  </datafield>
  <datafield tag="260" ind1=" " ind2=" ">
    <subfield code="b">Taxmann Publications</subfield>
    <subfield code="c">2022</subfield>
    <subfield code="a">New Delhi</subfield>
  </datafield>
  <datafield tag="270" ind1=" " ind2=" ">
    <subfield code="a">59/32 New rohtak road </subfield>
    <subfield code="b">New Delhi</subfield>
    <subfield code="e">110005</subfield>
  </datafield>
  <datafield tag="300" ind1=" " ind2=" ">
    <subfield code="a">400p.</subfield>
    <subfield code="c">27cm(pbk)</subfield>
  </datafield>
  <datafield tag="700" ind1=" " ind2=" ">
    <subfield code="a">S K Agrawal </subfield>
    <subfield code="e">2nd author</subfield>
    <subfield code="9">58006</subfield>
  </datafield>
  <datafield tag="942" ind1=" " ind2=" ">
    <subfield code="2">ddc</subfield>
    <subfield code="c">EN</subfield>
    <subfield code="h">657.48</subfield>
    <subfield code="m">SHA</subfield>
  </datafield>
  <datafield tag="999" ind1=" " ind2=" ">
    <subfield code="c">198844</subfield>
    <subfield code="d">198844</subfield>
  </datafield>
  <datafield tag="952" ind1=" " ind2=" ">
    <subfield code="0">0</subfield>
    <subfield code="1">0</subfield>
    <subfield code="4">0</subfield>
    <subfield code="7">0</subfield>
    <subfield code="8">NFIC</subfield>
    <subfield code="a">BN</subfield>
    <subfield code="b">BN</subfield>
    <subfield code="d">2023-10-25</subfield>
    <subfield code="e">DBAD/PUB</subfield>
    <subfield code="g">875.00</subfield>
    <subfield code="l">1</subfield>
    <subfield code="o">657.48 SHA</subfield>
    <subfield code="p">EN-121830</subfield>
    <subfield code="r">2026-01-24 00:00:00</subfield>
    <subfield code="s">2026-01-09</subfield>
    <subfield code="t">1</subfield>
    <subfield code="v">875.00</subfield>
    <subfield code="w">2023-10-25</subfield>
    <subfield code="y">EN</subfield>
  </datafield>
</record>
